| 000 | 00969nam a2200277 i 4500 | ||
|---|---|---|---|
| 001 | 181283 | ||
| 003 | ES-MaACL | ||
| 005 | 20250625173744.0 | ||
| 008 | 121205s2003 sp | |||| ||spa d | ||
| 020 | _a84-95894-58-0 | ||
| 080 | _a929 Ovando, Nicolás de (0:82) | ||
| 080 | _a94(729.3/.4)"15"(0:82) | ||
| 080 | _a821.134.2-31"19" | ||
| 100 | 1 |
_aCarrillo de Albornoz, José Miguel, _d1959- _9151898 |
|
| 245 | 1 | 3 |
_aEl comendador de Alcántara / _cJosé Miguel Carrillo de Albornoz. |
| 250 | _a1ª ed. | ||
| 260 |
_aBarcelona : _bBelacqva, _c2003. |
||
| 300 |
_a509 p. : _bmapas ; _c23 cm. |
||
| 490 | 1 |
_aColección Novela histórica ; _v9 |
|
| 600 | 1 | 7 |
_aOvando, Nicolás de, _dca. 1451-1511- _vNovelas _2 _9151899 |
| 651 | 4 |
_aLa Española- _vNovelas. _9151900 |
|
| 830 | 0 |
_aColección Novela histórica ; _v9 _9191425 |
|
| 852 |
_aES-MaACL _jA-12339 _9188167 _b146701 _cDEPO1 _dOlim: N-5344 |
||
| 942 |
_2udc _cMONOGRAFIA |
||
| 999 |
_c181283 _d181283 |
||